000 02261nam a22003137a 4500
999 _c21760
_d21760
003 AR-CdUCM
008 190425b ||||| |||| 00| 0 spa d
040 _aMUNICIPALIDAD PROVINCIAL DEL CUSCO
_cBIBLIOTECA MUNICIPAL DEL CUSCO
082 _aRev.Univ/N°106/1954
110 _aUniversidad Nacional de San Antonio Abad del Cusco
_915942
245 _aRevista Universitaria :
_bÓrgano de la Universidad del Cuzco /
260 _aCusco :
_bH.G. Rozas,
_c1954.
300 _a273 páginas. :
_c20 cm.
440 _aRevista Universitaria
_nAño XLIII, 1° semestre 1954, N°106.
_945996
505 _aContenido: Figuras cuzqueñas. Luis Felipe Paredes. -- El Cuzco en su trayectoria y sus problemas. Antonio Astete Abrill. -- Dos maestros cuzqueños. Wilbert Salas Rodríguez. -- El Cuzco del incario. Maximiliano Moscoso. -- Luces y contraluces del gran Mariscal Ramón Castilla. Luis Velasco Aragón. -- El libertador Mariscal Castilla y la instrucción en el Perú. Benjamín Rojas Díaz. -- Dimensión humana de José de San Martín. Humberto Vidal Unda. -- Teoría del desarrollo incásico. Carlos Núñez Anavitarte. -- Estudio de la Geografía peruana y la educación. Daniel Heredia. -- Aristóteles y los aspectos de la educación. Raúl Vallejos. -- Leyes genéticas de los elementos químicos. Oswaldo Baca Mendoza. -- La expedición de la de La Combe al Madre de Dios. Agustín Tamayo. -- Escritura fonética del Quechua y del Aymara. Andrés Alencastre. -- Biografía de Julián Santisteban Ochoa. Horacio Villanueba. Documentos del IV Congreso peruano de Química. Colección de autores cuzqueños. Clorinda Matto de Turner. Leyendas, Biografías y hojas sueltas, 2° tomo de Tradiciones Cuzqueñas.
650 _aRamón Castilla
_98385
650 _aJosé de San Martín
_93366
650 _aIdioma Quechua
_927790
650 _aClorinda Matto de Turner
_929945
650 _aTradiciones cusqueñas
_931110
700 _aAstete Abrill, Antonio
_932447
700 _aVelasco Aragón, Luis
_945947
700 _aBaca Mendoza, Oswaldo
_929966
700 _aVillanueva Urteaga, Horacio
_95790
700 _aVidal Unda, Humberto
_945978
710 _aUniversidad Nacional de San Antonio Abad del Cusco
_915942
942 _2ddc
_cPP
945 _arac